Project success and executive sponsor behaviors: Empirical life cycle stage investigations (Record no. 103914)

000 -LEADER
fixed length control field 00505pab a2200181 454500
008 - FIXED-LENGTH DATA ELEMENTS--GENERAL INFORMATION
fixed length control field 180718b2014 xxu||||| |||| 00| 0 eng d
100 ## - MAIN ENTRY--PERSONAL NAME
Personal name Kloppenborg, Timothy J.
245 ## - TITLE STATEMENT
Title Project success and executive sponsor behaviors: Empirical life cycle stage investigations
260 ## - PUBLICATION, DISTRIBUTION, ETC.
Date of publication, distribution, etc. 2014
300 ## - PHYSICAL DESCRIPTION
Extent p.1-20.
362 ## - DATES OF PUBLICATION AND/OR SEQUENTIAL DESIGNATION
Dates of publication and/or sequential designation Feb-Mar
650 ## - SUBJECT ADDED ENTRY--TOPICAL TERM
Topical term or geographic name entry element Project management
700 ## - ADDED ENTRY--PERSONAL NAME
Personal name Manolis, Chris
700 ## - ADDED ENTRY--PERSONAL NAME
Personal name Tesch, Debbie
773 ## - HOST ITEM ENTRY
Main entry heading Project Management Journal
908 ## - PUT COMMAND PARAMETER (RLIN)
Put command parameter N
909 ## -
-- 103918
Holdings
Withdrawn status Lost status Damaged status Not for loan Permanent Location Current Location Date acquired Serial Enumeration / chronology Barcode Date last seen Price effective from Koha item type
        Indian Institute of Public Administration Indian Institute of Public Administration 2018-07-19 Volume no: 45, Issue no: 1 AR104378 2018-07-19 2018-07-19 Articles

Powered by Koha